|
|
|
|
| LEADER |
00000nam a2200000 i 4500 |
| 001 |
1/76019 |
| 008 |
960521s1989 gre d |
| 035 |
|
|
|a 1995
|b 1
|c Δωρεά
|l 10032285
|
| 040 |
|
|
|a GR-MY-UA
|b gre
|e aacr
|
| 041 |
0 |
|
|a gre
|
| 082 |
0 |
|
|a Π 028.162
|
| 100 |
1 |
|
|a Αργυρίδης, Μιχάλης.
|
| 245 |
1 |
0 |
|a Βιβλία για παιδιά και νέους :
|b ένας οδηγός για τη σωστή επιλογή των κατάλληλων παιδικών και νεανικών βιβλίων /
|c Μιχάλης Αργυρίδης
|
| 260 |
|
|
|a Λάρισα :
|b Ν.Ε.Λ.Ε.,
|c 1989
|
| 300 |
|
|
|a 123 σ.
|
| 650 |
0 |
0 |
|a Children's literature
|x Book reviews.
|
| 852 |
|
|
|a INST
|b RHODES
|e 19960521
|h 028.162 ΑΡΓ
|p 005400007254
|q 005400007254
|t REF
|y 23
|
| 909 |
|
|
|a Ρ
|b 028467
|c 1995
|